00449nam a2200169Ia 450000500170000000800460001703700130006304000200007604100130009608400090010910000200011824500560013826000480019430000090024294200070025199900210025820250317130632.0008 250317s9999 xx 000 0 eng d aTextbook aFMSLbengcFMSL aeng2eng qFMSL aWhite B9745802 0aWomen's carreer development: A study of high flyers aOxfordbOxford, Blackwell Publicationc1992 a252p cTB c1264619d1264619